Online Catalogue and eLibrary

International bill of Human rights : (Record no. 568)

MARC details
000 -LEADER
fixed length control field 00400nam a22001457a 4500
005 - DATE AND TIME OF LATEST TRANSACTION
control field 20240313012010.0
008 - FIXED-LENGTH DATA ELEMENTS--GENERAL INFORMATION
fixed length control field 240313b |||||||| |||| 00| 0 eng d
082 ## - DDC Classification
DDC Edition Number 22
Class No. 323.4
Item Number - Author Mark INT.
245 ## - TITLE STATEMENT
Title International bill of Human rights :
Statement of responsibility, etc. Amnesty international .
260 ## - PUBLICATION, DISTRIBUTION, ETC.
Place of publication, distribution, etc. Colombo :
Name of publisher, distributor, etc. Amnesty international publications /
Date of publication, distribution, etc. 1978
300 ## - PHYSICAL DESCRIPTION
Extent (e.g. Volumes, Pages etc.) 50 p.,
650 ## - SUBJECT ADDED ENTRY--TOPICAL TERM
Topical term or geographic name entry element Sex
650 ## - SUBJECT ADDED ENTRY--TOPICAL TERM
Topical term or geographic name entry element Language
942 ## - Koha item type (Biblio)
Koha item type Books in Stacks (Lending)
Holdings
Lost status Damaged status Collection code Home library Current library Date acquired Full call number Accession Number Item type
    Lending WERC Library WERC Library 03/13/2024 323.4 INT. 1699 Books in Stacks (Lending)

© WERC Library